Normal view
MARC view
- Morris Engelson
Entry Personal Name
001 - CONTROL NUMBER
- control field: 103480
003 - CONTROL NUMBER IDENTIFIER
- control field: NUST
005 - DATE AND TIME OF LATEST TRANSACTION
- control field: 20221124122043.0
008 - FIXED-LENGTH DATA ELEMENTS
- fixed length control field: 221124|| aca||aabn | a|a d
040 ## - CATALOGING SOURCE
- Original cataloging agency: NUST
- Transcribing agency: NUST
100 ## - HEADING--PERSONAL NAME
- Personal name: Morris Engelson
670 ## - SOURCE DATA FOUND
- Source citation: Work cat.: (NUST)181922: Morris Engelson, Spectrum Analyzer Circuits /, 1969
